00650 a2200181 4500003000500000005001700005040000900022082001100031100002000042245003500062260003800097300001300135505015800148538002900306942001200335999001900347952010200366Nust20170207154112.0 cNust a358.18 aRichard Simpkin aTankbWarfarecRichard Simpkin aLondonbBrasseys publishersc1980 a218 ,p.; aPart.1: The Handling of Armor (Page-28) part.2: Design Factors (Page-78) Part.3: Human factors and Terrain (Page-150) Part.4: The Nato Problem (page-180) aAlmirah No.54 Shelf No.5 2ddccBK c193900d193900 00102ddc40708NFICaMCSbMCSd2016-12-12l0o358.18 SIMpMCS21540r2016-12-08w2016-12-12yBK